Films de Woody Allen par images - Statistiques

Statistiques générales
  • Ce quiz a été pris 180 fois
  • Le résultat moyen est 5 sur 16
Statistiques - réponses
Par images Réponse % Correct
Match Point
75%
Minuit à Paris
57%
Annie Hall
50%
Manhattan
50%
Vicky Cristina Barcelona
43%
Blue Jasmine
37%
La Rose pourpre du Caire
32%
Café Society
22%
Hannah et ses sœurs
18%
To Rome with Love
13%
Guerre et amour
11%
Tout le monde dit I love you
11%
Whatever Works
11%
Vous allez rencontrer un bel et sombre inconnu
8%
Harry dans tous ses états
7%
Coups de feu sur Broadway
5%
Aucun quiz correspondant
Distribution des résultats
% des personnes avec chaque résultat
Percentile par nombre de réponses
Votre historique - résultats
Vous n’avez pas pris ce quiz